000 00748nam a2200217Ia 4500
003 GCL
008 140319s9999 xx 000 0 ara d
020 _a9974299953
040 _aGCL /
_cGCL
082 0 4 _a355.825119
_bع س
100 1 _aعماد خدورى
245 1 0 _aسراب السلاح النووى العراقى :
_bمذكرات واوهام /
_cعماد خدورى
260 _aبيروت :
_bالدار العربية للعلوم ،
_c2005
300 _a303 ص ؛
_c24 سم
650 0 4 _aنزع السلاح
650 0 4 _aالاسلحة الذرية
650 0 4 _aالصناعات الحربية
650 0 4 _aالاسلحة والتسليح
650 0 4 _aالعراق - الاحوال السياسية
942 _2ddc
_cBK
999 _c46942
_d46942